LEADER 01066nam0 22002771i 450 001 SUN0018367 005 20060321120000.0 010 $a02-01-10194-7 100 $a20040623d1986 |0itac50 ba 101 $aita 102 $aIT 105 $a|||| ||||| 200 1 $aCompilers$eprinciples, techniques, and tools$fAlfred V. Aho, Ravi Sethi, Jeffrey D. Ullman 210 $aReading, MA$cAddison-Wesley$dc1986 215 $aX, 796 p.$d22 cm. 620 $aUS$dReading$3SUNL000022 700 1$aAho$b, Alfred V.$3SUNV014393$09703 701 1$aUllman$b, Jeffrey D.$3SUNV014394$09704 701 1$aSethi$b, Ravi$3SUNV014400$052914 712 $aAddison Wesley$3SUNV000076$4650 801 $aIT$bSOL$c20181109$gRICA 912 $aSUN0018367 950 $aUFFICIO DI BIBLIOTECA DEI DIPARTIMENTI DI INGEGNERIA$d05 CONS E II 012 $e05 1170 995 $aUFFICIO DI BIBLIOTECA DEI DIPARTIMENTI DI INGEGNERIA$bIT-CE0100$h1170$kCONS E II 012$oc$qa 996 $aCompilers$934869 997 $aUNICAMPANIA LEADER 02578oam 2200517I 450 001 9910459474703321 005 20200520144314.0 010 $a1-317-48928-4 010 $a1-317-48929-2 010 $a1-315-71055-2 010 $a1-282-92149-5 010 $a9786612921490 010 $a1-84465-348-X 024 7 $a10.4324/9781315710556 035 $a(CKB)2670000000059812 035 $a(EBL)1900049 035 $a(MiAaPQ)EBC1900049 035 $a(Au-PeEL)EBL1900049 035 $a(CaPaEBR)ebr10455583 035 $a(OCoLC)898771407 035 $a(OCoLC)958109314 035 $a(EXLCZ)992670000000059812 100 $a20180706e20142003 uy 0 101 0 $aeng 135 $aur|n|---||||| 200 10$aExternalism $eputting mind and world back together again /$fMark Rowlands 210 1$aAbingdon, Oxon :$cRoutledge,$d2014. 215 $a1 online resource (257 p.) 300 $aFirst published 2003 by Acumen. 311 $a1-902683-77-3 311 $a1-902683-78-1 320 $aIncludes bibliographical references and index. 327 $aCover; Half Title; Title Page; Copyright Page; Dedication; Table of Contents; Preface and acknowledgements; 1 Introduction: internalism and externalism; 2 Cartesianism; 3 Idealism; 4 The "radical reversal" of idealism; 5 The attack on the inner; 6 Content externalism; 7 The scope and limits of content externalism; 8 Externalism and first-person authority; 9 Vehicle externalism; 10 Externalism and consciousness; 11 Externalist axiology; 12 Conclusion: externalism, internalism, and idealism; Notes; Bibliography; Index 330 $aIt is commonly held that our thoughts, beliefs, desires and feelings - the mental phenomena that we instantiate - are constituted by states and processes that occur inside our head. The view known as externalism, however, denies that mental phenomena are internal in this sense. The mind is not purely in the head. Mental phenomena are hybrid entities that straddle both internal state and processes and things occurring in the outside world. The development of externalist conceptions of the mind is one of the most controversial, and arguably one of the most important, developments in the philosop 606 $aExternalism (Philosophy of mind) 608 $aElectronic books. 615 0$aExternalism (Philosophy of mind) 676 $a128.2 700 $aRowlands$b Mark.$0715267 801 0$bMiAaPQ 801 1$bMiAaPQ 801 2$bMiAaPQ 906 $aBOOK 912 $a9910459474703321 996 $aExternalism$92064347 997 $aUNINA